[Event "World Corporate East E"]
[Site "Chess.com INT"]
[Date "2021.02.20"]
[Round "5.1"]
[White "Jirka, Jiri"]
[Black "Mazunin, Yuri"]
[Result "0-1"]
[WhiteElo "2392"]
[BlackElo "2210"]
[PlyCount "116"]
[EventDate "2021.02.19"]
[EventType "team (rapid)"]
[EventRounds "7"]
[EventCountry "USA"]
[SourceTitle "EXT 2022"]
[Source "ChessBase"]
[SourceDate "2021.10.06"]
[SourceVersion "1"]
[SourceVersionDate "2021.10.06"]
[SourceQuality "1"]
[WhiteTeam "CSOB"]
[BlackTeam "ERG"]
[WhiteTeamCountry "CZE"]
[BlackTeamCountry "KAZ"]

1. d4 c5 2. d5 d6 3. c4 g6 4. g3 Bg7 5. Bg2 h6 6. Nf3 e6 7. 0-0 Ne7 8. e4 0-0 9. Nc3 e5 10. Ne1 Nd7 11. f4 exf4 12. gxf4 f5 13. Nd3 fxe4 14. Nxe4 Nf6 15. Kh1 Nf5 16. Ndf2 Bd7 17. Rg1 Nh4 18. Qf1 Qe7 19. Ng3 Rae8 20. Bd2 Ng4 21. Re1 Qf7 22. Nfe4 Nf5 23. Nxf5 Qxf5 24. Nxd6 Rxe1 25. Bxe1 Qh5 26. h3 Be5 27. Bf3 Nf2+ 28. Bxf2 Qxf3+ 29. Qg2 Qxg2+ 30. Rxg2 Rxf4 31. Nxb7 Bxh3 32. Rxg6+ Kh7 33. Rg3 Bc8 34. Be3 Rh4+ 35. Kg2 Bxg3 36. Kxg3 Rh3+ 37. Kf4 Bxb7 38. d6 Bc6 39. Bxc5 Rh4+ 40. Ke5 Rxc4 41. Bxa7 Ra4 42. Bc5 Rxa2 43. Bd4 Ra5+ 44. Ke6 Rd5 45. Bc3 Rd3 46. Ke7 h5 47. Bf6 Kg6 48. Bh4 Kf5 49. b4 Kg4 50. Bf6 h4 51. Be5 h3 52. Kd8 Kf3 53. Kc7 Ba4 54. Kb6 Rd5 55. Bh2 Kg2 56. Bf4 h2 57. Bxh2 Kxh2 58. Kc7 Kg3 0-1

[Event "World Corporate East E"]
[Site "Chess.com INT"]
[Date "2021.02.20"]
[Round "6.1"]
[White "Mazunin, Yuri"]
[Black "Zigo, Viktor"]
[Result "1/2-1/2"]
[WhiteElo "2210"]
[BlackElo "2214"]
[PlyCount "74"]
[EventDate "2021.02.19"]
[EventType "team (rapid)"]
[EventRounds "7"]
[EventCountry "USA"]
[SourceTitle "EXT 2022"]
[Source "ChessBase"]
[SourceDate "2021.10.06"]
[SourceVersion "1"]
[SourceVersionDate "2021.10.06"]
[SourceQuality "1"]
[WhiteTeam "ERG"]
[BlackTeam "Gordic"]
[WhiteTeamCountry "KAZ"]
[BlackTeamCountry "CZE"]

1. d4 Nf6 2. Nf3 e6 3. Bf4 Be7 4. Nbd2 d5 5. e3 0-0 6. Bd3 c5 7. c3 Nc6 8. Ne5 Bd7 9. Qf3 g6 10. Bh6 Re8 11. g4 Qc7 12. Bf4 Bd6 13. Nxg6 fxg6 14. Bxd6 Qxd6 15. Qxf6 Rf8 16. Qh4 e5 17. dxc5 Qxc5 18. Qg3 Rae8 19. h4 e4 20. Be2 Ne5 21. Nb3 Qb6 22. 0-0-0 Bb5 23. Bxb5 Qxb5 24. Rd2 Nd3+ 25. Kb1 Rf6 26. g5 Ra6 27. Nd4 Qa5 28. a3 Rb6 29. Ka2 Qc5 30. h5 Qc4+ 31. Ka1 Rxb2 32. Rxb2 Qxc3 33. Rhb1 Qxa3+ 34. Ra2 Qc3+ 35. Rab2 Qa3+ 36. Ra2 Qc3+ 37. Rab2 Qa3+ 1/2-1/2

[Event "World Corporate East E"]
[Site "Chess.com INT"]
[Date "2021.02.20"]
[Round "4.2"]
[White "Schlecht, Daniel"]
[Black "Mazunin, Yuri"]
[Result "0-1"]
[WhiteElo "2377"]
[BlackElo "2210"]
[PlyCount "100"]
[EventDate "2021.02.19"]
[EventType "team (rapid)"]
[EventRounds "7"]
[EventCountry "USA"]
[SourceTitle "EXT 2022"]
[Source "ChessBase"]
[SourceDate "2021.10.06"]
[SourceVersion "1"]
[SourceVersionDate "2021.10.06"]
[SourceQuality "1"]
[WhiteTeam "BCG Gamma"]
[BlackTeam "ERG"]
[WhiteTeamCountry "FRA"]
[BlackTeamCountry "KAZ"]

1. c4 c5 2. g3 d6 3. Bg2 Nd7 4. Nc3 g6 5. Nf3 Bg7 6. 0-0 Ngf6 7. d4 0-0 8. b3 a6 9. Bb2 Rb8 10. a4 b6 11. e4 cxd4 12. Nxd4 Bb7 13. h3 Rc8 14. Rc1 Re8 15. Re1 Qc7 16. Nd5 Qb8 17. Qd2 Ba8 18. Kh2 Nc5 19. Qd1 e5 20. Nxf6+ Bxf6 21. Ne2 Nxe4 22. Bxe4 Bxe4 23. Nc3 Ba8 24. Nd5 Bg7 25. Qd3 b5 26. axb5 axb5 27. cxb5 Qb7 28. Rcd1 Rc5 29. Ne3 Rxb5 30. Rb1 Rxb3 31. Bc3 Rxb1 32. Rxb1 Qf3 33. Qf1 d5 34. Bb4 d4 35. Nc4 Rb8 36. Nd2 Qd5 37. f3 h5 38. h4 Qe6 39. Ne4 Bxe4 40. fxe4 Qg4 41. Qe1 Qf3 42. Ra1 Rc8 43. Ra2 d3 44. Rf2 Rc2 45. Rxc2 dxc2 46. Bd2 Qd1 47. Qe3 Bf8 48. Qc3 Qe2+ 49. Kh3 Qxe4 50. Kh2 Kh7 0-1

[Event "World Corporate East E"]
[Site "Chess.com INT"]
[Date "2021.02.19"]
[Round "3.4"]
[White "Mazunin, Yuri"]
[Black "Mauvary, Etienne"]
[Result "1-0"]
[WhiteElo "2210"]
[BlackElo "2043"]
[PlyCount "73"]
[EventDate "2021.02.19"]
[EventType "team (rapid)"]
[EventRounds "7"]
[EventCountry "USA"]
[SourceTitle "EXT 2022"]
[Source "ChessBase"]
[SourceDate "2021.10.06"]
[SourceVersion "1"]
[SourceVersionDate "2021.10.06"]
[SourceQuality "1"]
[WhiteTeam "ERG"]
[BlackTeam "SG Stern"]
[WhiteTeamCountry "KAZ"]
[BlackTeamCountry "GER"]

1. d4 d5 2. Nf3 e6 3. Bf4 Nf6 4. Nbd2 c5 5. e3 Nc6 6. c3 Be7 7. Bd3 0-0 8. Ne5 Nxe5 9. dxe5 Nd7 10. Qh5 g6 11. Qe2 c4 12. Bc2 b5 13. a3 a5 14. Nf3 Ba6 15. h4 b4 16. h5 bxa3 17. bxa3 Rb8 18. Ra2 Nc5 19. 0-0 Nd3 20. Bh6 Re8 21. Nd4 Qc7 22. f4 Bf8 23. Bxf8 Rxf8 24. Qg4 Rb6 25. Qg5 Qd8 26. Qg4 Qe7 27. a4 Rfb8 28. Kh2 Bb7 29. Kg3 Bc6 30. Rh1 Qf8 31. hxg6 hxg6 32. Raa1 Bd7 33. Rh2 Rb2 34. Rah1 Qg7 35. Qg5 Rxc2 36. Nxc2 Rb2 37. Qd8+ 1-0

[Event "Pavlodar op"]
[Site "Pavlodar"]
[Date "2013.12.18"]
[Round "9"]
[White "Utegaliev, Azamat"]
[Black "Mazunin, Yuri"]
[Result "1-0"]
[WhiteElo "2435"]
[BlackElo "2211"]
[PlyCount "70"]
[EventDate "2013.12.10"]
[EventType "swiss"]
[EventRounds "10"]
[EventCountry "KAZ"]
[SourceTitle "CBM 158 Extra"]
[Source "ChessBase"]
[SourceDate "2014.02.28"]
[SourceVersion "1"]
[SourceVersionDate "2014.02.28"]
[SourceQuality "1"]

1. h4 h5 2. e4 c5 3. Nc3 g6 4. g3 Bg7 5. Bg2 Nc6 6. d3 d6 7. Bg5 Qa5 8. Nge2 e6 9. 0-0 Nge7 10. Qc1 a6 11. a3 Qc7 12. Rb1 Bd7 13. b4 cxb4 14. axb4 Nd4 15. Nxd4 Bxd4 16. Ne2 Bg7 17. c4 Rc8 18. Qd2 f6 19. Be3 0-0 20. Rbc1 e5 21. d4 f5 22. Bg5 Nc6 23. c5 fxe4 24. d5 Nd4 25. Nxd4 exd4 26. Bxe4 Bf5 27. Bxf5 Rxf5 28. cxd6 Qd7 29. Rxc8+ Qxc8 30. Re1 Be5 31. Rxe5 Rxe5 32. Qxd4 Qf5 33. Qxe5 Qxe5 34. d7 Qe1+ 35. Kg2 Qe4+ 1-0

[Event "Pavlodar op"]
[Site "Pavlodar"]
[Date "2013.12.17"]
[Round "8"]
[White "Mazunin, Yuri"]
[Black "Balakanova, Bakhyt"]
[Result "1-0"]
[WhiteElo "2211"]
[BlackElo "2080"]
[PlyCount "34"]
[EventDate "2013.12.10"]
[EventType "swiss"]
[EventRounds "10"]
[EventCountry "KAZ"]
[SourceTitle "CBM 158 Extra"]
[Source "ChessBase"]
[SourceDate "2014.02.28"]
[SourceVersion "1"]
[SourceVersionDate "2014.02.28"]
[SourceQuality "1"]

1. d4 d6 2. Nf3 f5 3. c4 Nf6 4. Nc3 g6 5. h3 Bg7 6. Bg5 0-0 7. Qc2 c6 8. e3 Qe8 9. Be2 e5 10. Rd1 Nfd7 11. 0-0 h6 12. Bh4 f4 13. dxe5 dxe5 14. exf4 exf4 15. Rfe1 g5 16. Bxg5 hxg5 17. Nxg5 Nf6 1-0

[Event "Pavlodar op"]
[Site "Pavlodar"]
[Date "2013.12.15"]
[Round "6"]
[White "Mazunin, Yuri"]
[Black "Zablotsky, Sergei"]
[Result "0-1"]
[WhiteElo "2211"]
[BlackElo "2522"]
[PlyCount "101"]
[EventDate "2013.12.10"]
[EventType "swiss"]
[EventRounds "10"]
[EventCountry "KAZ"]
[SourceTitle "CBM 158 Extra"]
[Source "ChessBase"]
[SourceDate "2014.02.28"]
[SourceVersion "1"]
[SourceVersionDate "2014.02.28"]
[SourceQuality "1"]

1. d4 d6 2. Nf3 Nf6 3. c4 g6 4. Nc3 Bf5 5. Bg5 Bg7 6. h3 h6 7. Bf4 0-0 8. e3 c5 9. Be2 Ne4 10. 0-0 Nxc3 11. bxc3 Nc6 12. Rc1 b6 13. Bg3 Rc8 14. Re1 Rc7 15. Bf1 Bc8 16. d5 Na5 17. e4 e5 18. dxe6 Bxe6 19. Qxd6 Rd7 20. Qf4 g5 21. Qe3 Nxc4 22. Qe2 Re8 23. Qc2 b5 24. Red1 Rxd1 25. Rxd1 Qa5 26. e5 a6 27. Bd3 Rd8 28. Qe2 Rd7 29. Rc1 Nb6 30. Qe4 Qxa2 31. Qh7+ Kf8 32. h4 Qb2 33. Rf1 Qxc3 34. Bf5 Bxf5 35. Qxf5 Qd3 36. Qg4 Qc4 37. Qf5 Qe6 38. Qc2 Qc4 39. Qf5 g4 40. Nh2 Qe6 41. Qc2 c4 42. f4 gxf3 43. Nxf3 Rd3 44. Bf2 Nd5 45. Bc5+ Kg8 46. Nd4 Qc8 47. Ba7 Ne3 48. Qf2 Nxf1 49. Nf5 Qe6 50. Qxf1 Qxe5 51. Nxg7 0-1

[Event "Pavlodar op"]
[Site "Pavlodar"]
[Date "2013.12.12"]
[Round "4"]
[White "Mazunin, Yuri"]
[Black "Kalikov, Temirlan"]
[Result "1-0"]
[WhiteElo "2211"]
[BlackElo "1916"]
[PlyCount "55"]
[EventDate "2013.12.10"]
[EventType "swiss"]
[EventRounds "10"]
[EventCountry "KAZ"]
[SourceTitle "CBM 158 Extra"]
[Source "ChessBase"]
[SourceDate "2014.02.28"]
[SourceVersion "1"]
[SourceVersionDate "2014.02.28"]
[SourceQuality "1"]

1. d4 d5 2. Nf3 Nc6 3. Bf4 Bg4 4. e3 Nf6 5. c4 e6 6. Nc3 Bd6 7. Bg5 dxc4 8. Bxc4 0-0 9. 0-0 e5 10. d5 Ne7 11. h3 Bd7 12. Nh4 Ne8 13. e4 h6 14. Be3 Nxd5 15. Bxd5 Qxh4 16. Bxb7 Rb8 17. Bd5 Nf6 18. Bb3 a5 19. f3 Bxh3 20. gxh3 Qg3+ 21. Kh1 Qxh3+ 22. Kg1 Qg3+ 23. Kh1 Nh5 24. Rf2 Qh3+ 25. Rh2 Ng3+ 26. Kg1 Qc8 27. Qe1 Rxb3 28. Qxg3 1-0